000 01673nam a22002177a 4500
999 _c60243
_d60243
003 Ge_BSU
005 20230621135444.0
008 230621s1997 ge ||||| |||| 00| 0 geo d
041 _ageo
080 _a008.1(479.222:37) კ-47
100 _aკვიციანი, ზვიად
_93573
245 _aდასავლეთ საქართველოსა და რომის იმპერიის კულტურულ ურთიერთობათა ისტორიისათვის (ახ.წ.აღ. I-IV სს.) /
_cზვიად კვიციანი; რედაქტორი გ. ლორთქიფანიძე; თბილისის ივანე ჯავახიშვილის სახელობის სახელმწიფო უნივერსიტეტი.
264 _aთბილისი :
_bთბილ. უნ-ტის გამ-ბა,
_c1997.
300 _a224 გვ. :
_bტაბ. ;
_c20 სმ.
504 _aბიბლიოგრაფია: გვ. 172-196.
520 _aრეზიუმე რუსულ და ინგლისურ ენებზე
653 _aდასავლეთ საქართველოსა და რომის იმპერიის კულტურული ურთიერთობები
700 _aლორთქიფანიძე, გ.
_eრედაქტორი.
_91484
710 _aთბილისის ივანე ჯავახიშვილის სახელობის სახელმწიფო უნივერსიტეტი
_99399
942 _2udc
_cBK